00988nam a2200253 a 45000010005000000030010000050050017000150080041000320200015000730400025000880800023001130900022001361110085001582450093002432600057003363000027003935000048004205040025004686500046004937100043005399420012005829520125005949990015007191466BR-CuiBMT20231217151508.0231211s1999 dfba ||| 000 0 por d a8572020098 aBR-CuiBMTcBR-CuiBMT a336.1x(062)22007 a336.1(062)bS471s1 aSeminário Internacional sobre Finanças Públicas d(1996 :cBrasília, DF)10aSeminário Internacional sobre Finanças Públicas /cSecretaria do Tesouro Nacional. aBrasília :bSecretaria do Tesouro Nacional,c1999. a556 p. :bil. ;c26 cm aTextos em português, espanhol e inglês. aInclui bibliografia. aFinanças públicasxCongressoszBrasil1 aBrasilbSecretaria do Tesouro Nacional 2udccLV 00102udc4070aBIBTCEMTbBIBTCEMTd2023-12-11l0o336.1(062) S471pBIBTCEMT23120363r2023-12-11tEx. 1w2023-12-11yLV c1466d1466